Κοντινότερες Χώρες από το Αιγαίο - Statistics

General Stats
  • This quiz has been taken 12 times
  • The average score is 17 of 20
Answer Stats
Χώρα χλμ % Correct
Ελλάδα 0
100%
Τουρκία 0
100%
Βουλγαρία 30
100%
Βόρεια Μακεδονία 57
100%
Αλβανία 131
100%
Σερβία 191
100%
Κόσοβο 209
100%
Ρουμανία 293
100%
Ιταλία 343
100%
Αίγυπτος 386
100%
Κύπρος 396
100%
Κροατία 403
100%
Λιβύη 289
90%
Βοσνία και Ερζεγοβίνη 411
90%
Μαυροβούνιο 312
80%
Συρία 681
70%
Μολδαβία 547
60%
Ουκρανία 535
40%
Ρωσία 699
40%
Ουγγαρία 637
30%
No matching quizzes found
Score Distribution
Percent of People with Each Score
Percentile by Number Answered
Your Score History
You have not taken this quiz